Fundamental University Physics 1. : Mechanics and thermodynamics /
Saved in:
| Main Authors: | , |
|---|---|
| Format: | Book |
| Language: | English |
| Published: |
Reading :
Addison-Wesley Publishing Company,
1980
|
| Edition: | 2-nd ed. |
| Tags: |
No Tags, Be the first to tag this record!
|
MARC
| LEADER | 00000nam a22000003a 4500 | ||
|---|---|---|---|
| 001 | stu26328 | ||
| 005 | 20150617225743.6 | ||
| 008 | 910513s1980----uk------------------eng-d | ||
| 040 | |a STU |b slo | ||
| 041 | 0 | |a eng | |
| 044 | |a uk | ||
| 080 | |a 530 | ||
| 100 | 1 | |a Alonso, Marcelo |4 aut | |
| 245 | 1 | |a Fundamental University Physics 1. : |b Mechanics and thermodynamics / |c [aut]Alonso,Marcelo;Finn,Edward J | |
| 250 | |a 2-nd ed. | ||
| 260 | |a Reading : |b Addison-Wesley Publishing Company, |c 1980 | ||
| 300 | |a 658 s | ||
| 700 | 1 | |a Finn, Edward J |4 aut | |
| 996 | |b 284V022939 |c V*39836/O-16866 I. |l VVS |s A |a 24 |w stu26328_0001 | ||